Odgadnij piosenkę Zeamsone po wersach #5 - Statystyki

Ogólne statystyki
  • Ten quiz został rozwiązany 5 razy
  • Średni wynik to 10 z 20
Statystyki odpowiedzi
Wersy Piosenki % Poprawnych
Nie płacz po tych, co odeszli, ale stale oddychają Nie odbierają tela, to chyba z nimi coś nie halo jest BIO
100%
Miałem być najgorszy jak 6-6-6 Miałem być najlepszy jak 7-7-7 San Andreas
100%
Robię to dla moich ziomów, ty gdzie mój pierdolony blok Kiedy wchodzę znowu robię z nimi sport Sport
100%
Chce głosówkę, mój uśmiech w prezencie Nie wiem, czy to dobrze, bo tego uśmiechu nie kupisz Znana
100%
Kocha, nie kocha ja chodzę po blokach w dzień i w nocy też, też Nawet jak nie chcesz, nawet jak nie chcesz, nawet jak nie, nie, nie ABCD
67%
Nie ma mnie na szczycie, rysuję w zeszycie swą karierę Siedząc pośród tych, co płaczą dziś, że nie wygrali Grammy Rysy
67%
Mam okrągłe szkła, obserwuje przez nie świat Ona lata wysoko, więc puszczam dużą chmurę Samoloty
67%
Chcą mnie poznać, to prawdziwy ja Nie szukam awantur, baby come to my place, wciąż się bawię w zamku Zeams Owner
67%
Jak Cię namawiają żeby palić i pić Jeśli sama tego nie chce nie dotykaj jej Ty A ty śpij
33%
Kluby, miasto, drogie loga - nic za darmo Tanie dziewczyny, sex, za opadami alko Bankroll
33%
Teraz wszyscy to mordo artyści, dopóki jest hip-hop korzystny Mój Ty wizerunku, daj mi coś więcej Beatswitch
33%
Czasem czuję się jak w niebie, czasem trochę boli mnie Może masz mnie na tapecie, może nie Błękitna Krew
33%
Wszędzie ma być Zeamsone, ej, wszędzie ma być moja wizja Nowy "WIRTUOZ", pierwsza muzyka - później porozmawiamy o korzyściach CELE
33%
Nie piszą o mnie w gazecie, bo jestem nowszy niż to Muzyka zimowa wypuszczona w lecie, a w sieci długie spodnie cały rok Inferno
33%
Żyjemy w czasach, gdzie świeczka już tylko pachnie, a nie świeciZapominamy, co ważne, gdy świecą na nas Jupitery Kolejny Rozbity Bentley
33%
Przychodzi mi znowu snapchat Przychodzi znowu instagram to nie anioł
33%
O tak, z mojego życia, wolę być sam, niż przez Ciebie smutny Nie robię tatuaży, bo co rok bym je zmieniał, mimo, że mi do twarzy może Ye
33%
Szósta rano, a ja nie chcę spać Chcę Ciebie, ale nie chcę nas Jeszcze Raz
0%
Jedyny narkotyk, to te zwroty - game-changer Jeśli muzyka to gra, dla fałszywych game over Kominiarka Nike
0%
Jebać spinę, jebać problem 808, Zeams free VIP
0%
Nie znaleziono quizów pasujących do podanych kryteriów
Rozkład punktacji
Procent ludzi z każdym wynikiem
Percentyl według liczby udzielonych odpowiedzi
Twoja historia wyników
Nie rozwiązałeś tego quizu